Statistics for U.S. State Capitals by First Letter

Click here to take the quiz!

General Stats

  • This quiz has been taken 34 times
  • The average score is 14 of 16

Answer Stats

HintAnswer% Correct
BBaton Rouge + 3
100%
JJackson + 2
100%
LLansing + 2
100%
CCarson City + 5
97%
DDenver + 2
97%
HHarrisburg + 3
97%
AAlbany + 4
94%
SSacramento + 5
94%
IIndianapolis
87%
OOklahoma City + 1
87%
TTallahassee + 2
87%
FFrankfort
84%
PPhoenix + 2
84%
RRaleigh + 1
84%
MMadison + 2
81%
NNashville
71%

Score Distribution

Percentile by Number Answered

Percent of People with Each Score

Your Score History

You have not taken this quiz